[Event "Titled Tuesday intern op 30th Nov"]
[Site "Chess.com INT"]
[Date "2021.11.30"]
[Round "3"]
[White "Sviridov, Valery"]
[Black "Kravtsiv, Martyn"]
[Result "1-0"]
[WhiteElo "2562"]
[BlackElo "2616"]
[PlyCount "117"]
[EventDate "2021.11.30"]
[EventType "swiss (blitz)"]
[EventRounds "11"]
[EventCountry "USA"]
[SourceTitle "CBM 205 Extra"]
[Source "ChessBase"]
[SourceDate "2022.01.31"]
[SourceVersion "1"]
[SourceVersionDate "2022.01.31"]
[SourceQuality "1"]

1. Nf3 Nf6 2. g3 d5 3. Bg2 e6 4. O-O Be7 5. d3 O-O 6. Nbd2 Nc6 7. e4 dxe4 8. dxe4 e5 9. h3 ({RR} 9. Nc4 Qxd1 10. Rxd1 Nxe4 11. Nfxe5 Nxe5 12. Nxe5 Nf6 13. Nc4 c6 14. c3 Nd5 15. Bxd5 cxd5 16. Ne3 Bc5 17. Nxd5 Bg4 18. Re1 Rfd8 19. c4 Bf3 20. Bg5 Rd7 21. Be3 Bf8 22. a4 h6 23. Rac1 b6 {Giri,A (2798)-Aronian,L (2784) Skopje 2015 ½-½ (40)}) ({RR} 9. Nc4 Qxd1 10. Rxd1 Nxe4 11. Nfxe5 Nxe5 12. Nxe5 Nd6 13. Be3 Bf5 14. c3 Rfd8 15. a4 a5 16. h4 f6 17. Nf3 Nc4 18. Nd4 Bc8 19. Bf4 c6 20. Bf1 Ne5 21. Bxe5 fxe5 22. Bc4+ Kf8 23. Nc2 Bg4 {Fiorito,F (2431)-Cavalcante,A (2002) chess.com INT 2025 ½-½ (48)}) 9... Be6 10. Qe2 Nd7 $146 ({RR} 10... h6 11. Rd1 Bd6 12. Nc4 Bxc4 13. Qxc4 Qe7 14. Nh4 Qe6 15. Qf1 Rad8 16. Be3 Rfe8 17. c3 Rd7 18. Nf5 Ne7 19. Nxd6 Rxd6 20. Rxd6 Qxd6 21. Rd1 Qe6 22. b3 Nc6 23. Rd5 Qc8 24. Rd2 Rd8 25. Qd1 {Carvalho,C (1938)-Veiga Da Silva,P (1800) Niteroi 2022 1-0 (50)}) 11. Nc4 f6 12. Rd1 Qe8 13. Ne3 Nc5 14. Nd5 Bd6 15. c3 Qh5 16. Kh2 Rad8 17. b4 Na4 18. Qc2 Nb6 19. Nh4 Ne7 20. Bf3 Qe8 21. Nxb6 axb6 22. Be3 Qf7 23. Nf5 b5 24. Rd2 Nc8 25. Rad1 Bc4 26. Bc5 Qe6 27. Ne3 b6 28. Bg4 Qf7 29. Nxc4 Qxc4 30. Be3 Ne7 31. Be2 Qc6 32. c4 bxc4 33. Qxc4+ Kh8 34. b5 Qxc4 35. Bxc4 Rb8 36. a4 h6 37. Kg2 Rfd8 38. h4 g5 39. h5 Kg7 40. Kf3 Kf8 41. Kg4 Ke8 42. Bb3 Bb4 43. Rxd8+ Rxd8 44. Bf7+ Kxf7 45. Rxd8 Ke6 46. Rh8 Kf7 47. Rh7+ Kg8 48. Rxh6 Kg7 49. Rxf6 Kxf6 50. Bxg5+ Kg7 51. Bxe7 Bxe7 52. Kf5 Bc5 53. Kxe5 Bxf2 54. g4 Kh6 55. Kf5 Bh4 56. e5 Bg5 57. Ke6 Bf4 58. Kf6 Bg5+ 59. Kf7 1-0

[Event "Titled Tuesday intern op 30th Nov"]
[Site "Chess.com INT"]
[Date "2021.11.30"]
[Round "9"]
[White "Sviridov, Valery"]
[Black "Yilmaz, Mustafa"]
[Result "1-0"]
[WhiteElo "2562"]
[BlackElo "2626"]
[PlyCount "195"]
[EventDate "2021.11.30"]
[EventType "swiss (blitz)"]
[EventRounds "11"]
[EventCountry "USA"]
[SourceTitle "CBM 205 Extra"]
[Source "ChessBase"]
[SourceDate "2022.01.31"]
[SourceVersion "1"]
[SourceVersionDate "2022.01.31"]
[SourceQuality "1"]

1. Nf3 d5 2. g3 g6 3. Bg2 Bg7 4. O-O e5 5. d3 Nc6 6. e4 dxe4 7. dxe4 Qxd1 8. Rxd1 Nf6 ({RR} 8... Bg4 9. Be3 Nd4 10. Bxd4 exd4 11. Na3 O-O-O 12. h3 Bxf3 13. Bxf3 Ne7 14. Nc4 Nc6 15. Bg4+ Kb8 16. f4 b5 17. Na3 a6 18. Bf3 g5 19. fxg5 d3 20. c3 h6 21. gxh6 Bxh6 22. Rf1 Ne5 23. Rad1 {Caruana,F (2829)-Anand,V (2793) London 2014 0-1 (35)}) ({RR} 8... Bg4 9. c3 Nf6 10. h3 Be6 11. Ng5 Bd7 12. Nd2 h6 13. Ngf3 O-O-O 14. Re1 Be6 15. Bf1 Ne8 16. Kg2 Nd6 17. b4 Rhe8 18. Nh4 g5 19. Nhf3 f5 20. b5 Na5 21. exf5 Bd5 22. g4 c5 23. bxc6 {Petriashvili,N (2450)-Lumachi,G (2450) Trieste ITA 2025 ½-½ (39)}) ({RR} 8... Bg4 9. Re1 Nd4 10. Nxd4 exd4 11. Na3 Ne7 12. Bf4 c6 13. Nc4 O-O 14. Nd6 b5 15. a4 a6 16. e5 Be6 17. Rad1 Nd5 18. Rxd4 Nxf4 19. Rxf4 Rad8 20. Bxc6 Bxe5 21. Rxe5 Rxd6 22. axb5 Rd1+ 23. Kg2 {Sviridov,V (2562)-Baches Garcia,G (2329) Chess.com INT 2021 1-0 (32)}) 9. Nc3 Bg4 10. Re1 $146 ({RR} 10. Be3 a6 11. h3 Bd7 12. Nd5 Rc8 13. Bh6 Bxh6 14. Nxf6+ Ke7 15. Nxd7 {1-0 (15) Kulpruethanon,T (2278)-Gamage,C (1879) Tornelo INT 2021}) 10... O-O-O 11. h3 Bd7 12. Be3 h6 13. Rad1 Be6 14. a3 Ne8 15. Rxd8+ Nxd8 16. Rd1 Nd6 17. Bc5 Nc4 18. b3 Nb6 19. a4 Nc6 20. Nd5 Rd8 21. c4 Rd7 22. Rd3 Kd8 23. Rd2 Nc8 24. Be3 Nd6 25. Ne1 Nd4 26. Bxd4 exd4 27. Nd3 c6 28. N5f4 Ke7 29. Nc5 Rc7 30. Ncxe6 fxe6 31. Nxg6+ Kf7 32. Nf4 a5 33. Nd3 Ke7 34. e5 Nf5 35. Be4 b5 36. cxb5 cxb5 37. axb5 Rc3 38. Rb2 Kd8 39. b6 Ne7 40. b7 Kc7 41. Ra2 Nc6 42. Ra4 Nxe5 43. Nxe5 Bxe5 44. Rxa5 Bd6 45. Ra8 Rxb3 46. Rc8+ Kd7 47. Rc1 Ke7 48. Kg2 h5 49. h4 Rb2 50. Bf3 d3 51. Rd1 Bc5 52. Rxd3 Rxf2+ 53. Kh3 Rb2 54. Rc3 Kd6 55. Rd3+ Ke7 56. Rd1 e5 57. Rc1 Kd6 58. Rd1+ Bd4 59. Rd2 Rb3 60. Rc2 Ba7 61. Be4 Kd7 62. Ra2 Bb8 63. Ra8 Kc7 64. Ra5 Kd7 65. Rd5+ Ke7 66. Rd3 Rb4 67. Bc6 e4 68. Re3 Kd6 69. Bxe4 Kc5 70. Bf3 Rb1 71. Re8 Bc7 72. Rh8 Rb3 73. Rxh5+ Kd4 74. Rf5 Kc4 75. Rf7 Be5 76. h5 Kd4 77. h6 Rb6 78. h7 Rh6+ 79. Kg2 Rg6 80. Rd7+ Kc3 81. g4 Rh6 82. Re7 Bd6 83. Re6 Rxe6 84. h8=Q+ Kd3 85. b8=Q Bxb8 86. Qxb8 Kd4 87. Qf4+ Kc5 88. g5 Rb6 89. Qf5+ Kd4 90. g6 Ke3 91. g7 Rb2+ 92. Kg3 Rb6 93. Qe5+ Kd3 94. Qe4+ Kd2 95. Qd4+ Ke1 96. Qe3+ Kf1 97. Qe2+ Kg1 98. Qg2# 1-0

[Event "Djerba Blitz Masters"]
[Site "Europe Echecs INT"]
[Date "2021.12.04"]
[Round "2"]
[White "Amin, Bassem"]
[Black "Jobava, Baadur"]
[Result "1-0"]
[WhiteElo "2680"]
[BlackElo "2588"]
[PlyCount "119"]
[EventDate "2021.12.04"]
[EventType "tourn (blitz)"]
[EventRounds "11"]
[EventCountry "FRA"]
[EventCategory "13"]
[SourceTitle "CBM 205 Extra"]
[Source "ChessBase"]
[SourceDate "2022.01.31"]
[SourceVersion "1"]
[SourceVersionDate "2022.01.31"]
[SourceQuality "1"]

1. e4 e6 2. d3 d5 3. Nd2 g6 4. Ngf3 Bg7 5. g3 Ne7 6. Bg2 O-O 7. O-O c5 8. Re1 Nbc6 9. h4 h6 10. e5 b5 ({RR} 10... Qc7 11. Qe2 b5 12. Nf1 b4 13. Bf4 a5 14. N1h2 Nf5 15. c3 a4 16. a3 bxc3 17. bxc3 Rb8 18. Ng4 Rb3 19. Qd2 Kh7 20. Nf6+ Bxf6 21. exf6 Qd8 22. g4 Nd6 23. Bxh6 Rh8 24. Bg7 {1-0 (24) Amin,B (2690)-Edouard,R (2645) Europe Echecs INT 2020}) ({RR} 10... f6 11. exf6 Rxf6 12. Nf1 Qd6 13. Ne3 e5 14. c4 d4 15. Nd5 Rf7 16. Nd2 Nf5 17. Ne4 Qf8 18. a3 Be6 19. b4 cxb4 20. axb4 Bxd5 21. cxd5 Nxb4 22. Ba3 a5 23. h5 gxh5 24. Qxh5 Rd8 25. Re2 {Amin,B (2686)-Arakhamia Grant,K (2380) Playchess.com INT 2020 1-0 (40)}) 11. Nf1 ({RR} 11. c3 Nf5 12. Nf1 h5 13. Ne3 Nce7 14. d4 b4 15. Nxf5 Nxf5 16. Bh3 bxc3 17. bxc3 Qa5 18. Bxf5 exf5 19. Bf4 Re8 20. Qd2 cxd4 21. Nxd4 Bd7 22. Re3 Rac8 23. Rae1 Qa6 24. R3e2 Qa5 25. Re3 Rc4 {Stanojevic,I (2193)-Djordjevic,V (2347) Novi Pazar SRB 2024 ½-½ (54)}) 11... b4 $146 ({RR} 11... Qc7 12. Bf4 a5 13. Ne3 Qb6 14. Ng4 Kh7 15. Nf6+ Kh8 16. Qd2 h5 17. Bh6 b4 18. Bxg7+ Kxg7 19. Qg5 Rh8 20. g4 hxg4 21. Qxg4 c4 22. h5 Ba6 23. d4 a4 24. c3 bxc3 25. bxc3 a3 26. Ng5 {Arzumanian,G (2465)-Kurilin,A (2287) Donskoj 2007 1-0 (32)}) 12. Bf4 Kh8 13. N1h2 a5 14. Qd2 Ng8 15. Ng4 h5 16. Ngh2 Ba6 17. g4 hxg4 18. Nxg4 c4 19. d4 c3 20. bxc3 bxc3 21. Qe3 Nce7 22. Bg5 Nf5 23. Qf4 Qe8 24. Nf6 Qa4 25. h5 gxh5 26. Qh2 Qxc2 27. Rac1 Qd3 28. Red1 Qe2 29. Qxh5+ Ngh6 30. Bf1 Qxa2 31. Bxa6 Rxa6 32. Rxc3 Rb6 33. Nh2 Rb1 34. Rcc1 Rxc1 35. Rxc1 Bxf6 36. Bxh6 Bg7 37. Bxg7+ Kxg7 38. Qg5+ Kh7 39. Ng4 Qe2 40. Rc3 Qe1+ 41. Kg2 Qe4+ 42. Kh2 Ne3 43. Rxe3 Qg6 44. Rh3+ Kg7 45. Qf6+ Qxf6 46. exf6+ Kg6 47. Rf3 Kg5 48. Kg3 a4 49. Ne5 a3 50. Rxa3 Kf5 51. Kf3 Rh8 52. Ra7 Rh3+ 53. Kg2 Rh4 54. Rxf7 Rxd4 55. Nf3 Rf4 56. Rf8 Ke4 57. Ng5+ Ke5 58. f7 Rg4+ 59. Kf1 Rxg5 60. Rg8 1-0

[Event "Dubai bin Rashid Cup Rapid"]
[Site "Dubai"]
[Date "2021.12.07"]
[Round "6"]
[White "Amin, Bassem"]
[Black "Abdumalik, Zhansaya"]
[Result "1-0"]
[WhiteElo "2680"]
[BlackElo "2507"]
[PlyCount "144"]
[EventDate "2021.12.06"]
[EventType "swiss (rapid)"]
[EventRounds "9"]
[EventCountry "UAE"]
[SourceTitle "CBM 205 Extra"]
[Source "ChessBase"]
[SourceDate "2022.01.31"]
[SourceVersion "1"]
[SourceVersionDate "2022.01.31"]
[SourceQuality "1"]

1. Nf3 Nf6 2. g3 g6 3. Bg2 Bg7 4. O-O O-O 5. d3 d5 6. Nbd2 c5 7. e4 Nc6 8. Re1 e6 9. c3 b6 10. e5 Nd7 11. d4 Ba6 12. Nf1 Rc8 13. Bg5 ({RR} 13. h4 cxd4 14. cxd4 Nb4 15. Bg5 Qe8 16. Ne3 h6 17. Bf4 Nd3 18. Qd2 Nxe1 19. Rxe1 Kh7 20. Ng4 h5 21. Ne3 Rh8 22. Ng5+ Kg8 23. Rc1 Rxc1+ 24. Qxc1 Qc8 25. Qd2 Nf8 26. Bh3 Nh7 27. Nxd5 Qc4 {Geivondian,A (2306)-Rustemov,A (2525) chess.com INT 2023 1-0 (53)}) 13... Qc7 14. Qd2 Na5 $146 ({RR} 14... Rfe8 15. h4 Na5 16. Ne3 h5 17. b3 cxd4 18. cxd4 Qc3 19. Red1 Bf8 20. Bh3 Bb4 21. Nxd5 Qxf3 22. Nxb4 Bb7 23. d5 Nxe5 24. Qf4 exd5 25. Bxc8 Rxc8 26. Qxf3 Nxf3+ 27. Kf1 d4 28. Bf6 Re8 {0-1 (28) Al Helaoy,M (2042)-Loewe,L (2207) Germany 2022}) 15. b3 cxd4 16. cxd4 Qc2 17. Qf4 f6 18. exf6 Nxf6 19. Ne3 Qe4 20. Rad1 Qxf4 21. Bxf4 Ne4 22. Bh3 Rce8 23. Ng5 Nxg5 24. Bxg5 Nc6 25. Nc2 Bc8 26. Bg2 Bd7 27. Bc1 Rc8 28. Ba3 Rfe8 29. Re2 a5 30. Bb2 Na7 31. Ne3 Nb5 32. Ng4 Nc3 33. Bxc3 Rxc3 34. Ne5 Bxe5 35. dxe5 Rec8 36. f4 Rc2 37. Kf2 h5 38. Red2 a4 39. Bf1 Kf7 40. Ke1 R2c3 41. bxa4 Bxa4 42. Rb1 b5 43. Kf2 R8c5 44. Bd3 Ra3 45. Rbb2 Rac3 46. Ke3 R5c4 47. Ke2 Rc5 48. Rb4 Rc1 49. Ke3 R5c3 50. Kd4 Ra3 51. Rbb2 Ke7 52. Be2 Kd7 53. Rd3 Rc4+ 54. Ke3 b4 55. Rxa3 Re4+ 56. Kd2 bxa3 57. Rb6 Bc6 58. Bd3 Ra4 59. Bxg6 Rd4+ 60. Bd3 h4 61. Kc3 Ra4 62. Rb4 Ra8 63. g4 h3 64. f5 Rg8 65. f6 Rg5 66. Rb8 d4+ 67. Kd2 Rxg4 68. f7 Rg2+ 69. Be2 Bf3 70. f8=Q Rxe2+ 71. Kd3 Re3+ 72. Kxd4 Re4+ 1-0

[Event "HUN-ch 69th"]
[Site "Budapest"]
[Date "2021.12.13"]
[Round "5"]
[White "Korpa, Bence"]
[Black "Berkes, Ferenc"]
[Result "1-0"]
[WhiteElo "2520"]
[BlackElo "2680"]
[PlyCount "69"]
[EventDate "2021.12.07"]
[EventType "tourn"]
[EventRounds "9"]
[EventCountry "HUN"]
[EventCategory "13"]
[SourceTitle "CBM 206"]
[Source "ChessBase"]
[SourceDate "2022.02.28"]
[SourceVersion "1"]
[SourceVersionDate "2022.02.28"]
[SourceQuality "1"]

1. Nf3 d5 2. e3 c5 3. b3 Nc6 4. Bb2 a6 5. d4 Nf6 6. dxc5 e6 7. c4 Bxc5 8. cxd5 exd5 9. Be2 O-O 10. O-O Qe7 11. Nd4 $146 ({RR} 11. Nc3 Rd8 12. Na4 Ba7 13. Qc1 d4 14. Ba3 Qe8 15. Bc5 Bxc5 16. Nxc5 b6 17. Nd3 Bf5 18. Rd1 Rac8 19. Qd2 Ne4 20. Qe1 Nc3 21. Rdc1 Nxe2+ 22. Qxe2 dxe3 23. Nf4 exf2+ 24. Qxf2 b5 25. Re1 Qd7 {Nakamura,H (2766)-Salem,A (2690) Chess.com INT 2022 0-1 (78)}) 11... Rd8 12. Nxc6 bxc6 13. Nc3 d4 14. exd4 Bxd4 15. Qe1 Qe5 16. Bf3 Bg4 17. Qxe5 Bxe5 18. Rfe1 Bd4 19. Be2 c5 20. Na4 h5 21. Bc4 h4 22. Bxd4 cxd4 23. f3 Bf5 24. Rad1 Rd6 25. Rd2 a5 26. Nc5 Rc8 27. Re5 Bg6 28. Nb7 Rb6 29. Nxa5 d3 30. Kf2 Kh7 31. Bxd3 h3 32. Bxg6+ fxg6 33. Nc4 Ra6 34. g4 Rca8 35. a4 1-0

[Event "HUN-ch 69th"]
[Site "Budapest"]
[Date "2021.12.16"]
[Round "8"]
[White "Korpa, Bence"]
[Black "Medvegy, Zoltan"]
[Result "1-0"]
[WhiteElo "2520"]
[BlackElo "2527"]
[PlyCount "93"]
[EventDate "2021.12.07"]
[EventType "tourn"]
[EventRounds "9"]
[EventCountry "HUN"]
[EventCategory "13"]
[SourceTitle "CBM 206"]
[Source "ChessBase"]
[SourceDate "2022.02.28"]
[SourceVersion "1"]
[SourceVersionDate "2022.02.28"]
[SourceQuality "1"]

1. g3 c5 2. Bg2 Nc6 3. Nf3 g6 4. O-O Bg7 5. e4 e5 6. d3 Nge7 7. c3 O-O 8. a3 d6 9. b4 h6 10. Nbd2 Be6 11. Nb3 c4 ({RR} 11... b6 12. b5 Nb8 13. a4 c4 14. dxc4 Bxc4 15. Re1 Qc7 16. Ba3 Rd8 17. Nfd2 Be6 18. Nf1 a6 19. Bb4 axb5 20. axb5 Rxa1 21. Nxa1 Bc4 22. Qa4 Qd7 23. Rd1 Qxb5 24. Qxb5 Bxb5 25. Rxd6 Rxd6 26. Bxd6 {Amin,B (2667)-Restas,P (2064) Ajka HUN 2024 1-0 (39)}) 12. dxc4 Bxc4 13. Re1 a5 14. Nbd2 $146 ({RR} 14. Bb2 Be6 15. Nbd2 f5 16. exf5 Nxf5 17. b5 Na7 18. a4 Nc8 19. c4 Nb6 20. c5 dxc5 21. Nxe5 Bd5 22. Ne4 Bxe4 23. Bxe4 Qxd1 24. Raxd1 Nxa4 25. Ba1 Nd4 26. Bxb7 Ra7 27. Bd5+ Kh7 28. Bxd4 cxd4 {Amin,B (2453)-Safarli,E (2421) Abu Dhabi 2006 1-0 (61)}) 14... Be6 15. b5 Nb8 16. a4 Nd7 17. Ba3 Nb6 18. Bf1 Qc7 19. Rc1 Rad8 20. Re3 d5 21. exd5 Nbxd5 22. Re1 Rd7 23. Qc2 Rc8 24. Nc4 f6 25. Nd4 Bf7 26. b6 Qd8 27. Nb5 Rc6 28. Nxa5 Rxb6 29. Nb3 Nc7 30. Red1 Ne6 31. Rxd7 Qxd7 32. Rd1 Qe8 33. c4 Nc8 34. c5 Ra6 35. Nd6 Qxa4 36. Nxf7 Kxf7 37. Bxa6 Qxa6 38. Rd7+ Ke8 39. Rxg7 Nxg7 40. Qxg6+ Kf8 41. c6+ Kg8 42. Nc5 Qxa3 43. cxb7 Qxc5 44. b8=Q Qc1+ 45. Kg2 Qc6+ 46. f3 Qc2+ 47. Qxc2 1-0

[Event "Dubai bin Rashid Cup Blitz"]
[Site "Dubai"]
[Date "2021.12.09"]
[Round "4"]
[White "Jumabayev, Rinat"]
[Black "Mchedlishvili, Mikheil"]
[Result "1-0"]
[WhiteElo "2536"]
[BlackElo "2618"]
[PlyCount "123"]
[EventDate "2021.12.09"]
[EventType "swiss (blitz)"]
[EventRounds "11"]
[EventCountry "UAE"]
[SourceTitle "CBM 205 Extra"]
[Source "ChessBase"]
[SourceDate "2022.01.31"]
[SourceVersion "1"]
[SourceVersionDate "2022.01.31"]
[SourceQuality "1"]

1. Nf3 d5 2. g3 g6 3. c4 dxc4 4. Na3 Bg7 5. Nxc4 Nc6 6. d3 e5 7. Bd2 Nge7 8. Bc3 ({RR} 8. h4 h6 9. Bc3 f6 10. Ne3 Be6 11. h5 g5 12. g4 Qd7 13. Nd2 Nd5 14. Nxd5 Bxd5 15. Ne4 O-O-O 16. Qa4 Kb8 17. Bh3 Rhe8 18. Rc1 Qf7 19. O-O Bf8 20. Bg2 f5 21. gxf5 Qxf5 22. Ng3 Qf7 {Grischuk,A (2771)-Nepomniachtchi,I (2763) St Petersburg 2018 0-1 (72)}) ({RR} 8. Bg2 O-O 9. O-O Be6 10. Rc1 a5 11. Bc3 f6 12. Qa4 Qd7 13. Rfd1 Nb4 14. Qxd7 Bxd7 15. a3 Na2 16. Rb1 Nxc3 17. bxc3 b6 18. Nfd2 Rad8 19. Ne3 Ba4 20. Rdc1 f5 21. Nb3 Bh6 22. Rc2 Bxe3 {Azadi,A (2263)-Omidi,A (2303) Rasht IRI 2024 ½-½ (62)}) 8... f6 9. h4 $146 ({RR} 9. Qb3 b6 10. h4 Be6 11. Bh3 Bxh3 12. Rxh3 Qd7 13. Rh1 Nf5 14. O-O-O Ncd4 15. Bxd4 Nxd4 16. Nxd4 exd4 17. Kb1 Qd5 18. h5 O-O 19. hxg6 hxg6 20. Rh4 f5 21. Nd2 {½-½ (21) Movsesian,S (2677)-Lampert,J (2500) Germany 2017}) 9... Nd5 10. Bd2 Be6 11. h5 Qd7 12. Rc1 g5 13. e4 Nb6 14. Ne3 O-O-O 15. a4 a5 16. Be2 Bf8 17. Bc3 Kb8 18. Nd2 Nb4 19. Bxb4 Bxb4 20. Ra1 Nc8 21. O-O Ne7 22. Qc2 Nc6 23. Nb3 Bxb3 24. Qxb3 Nd4 25. Qd1 Nxe2+ 26. Qxe2 Qxd3 27. Qxd3 Rxd3 28. Ng4 Be7 29. Rfe1 Rhd8 30. Kg2 Rd2 31. b3 R8d3 32. Rab1 Ka7 33. h6 Kb6 34. Rec1 c6 35. Rc4 Rd4 36. Kf3 R4d3+ 37. Kg2 Bc5 38. b4 axb4 39. Rcxb4+ Bxb4 40. Rxb4+ Kc5 41. Rxb7 Rd7 42. Rb8 Rf7 43. a5 Ra2 44. Ne3 Rxa5 45. Nf5 Ra4 46. Kf3 Ra3+ 47. Kg4 Ra2 48. f3 Raa7 49. Rd8 Rad7 50. Rb8 Rb7 51. Rd8 Rbd7 52. Rb8 Kc4 53. Rc8 Kb5 54. Rb8+ Ka5 55. Rc8 Rc7 56. Ra8+ Kb4 57. Rb8+ Kc3 58. Nd6 Rfd7 59. Ne8 Rb7 60. Rc8 Rb6 61. Nxf6 Rf7 62. Nd5+ 1-0

[Event "Dubai bin Rashid Cup Blitz"]
[Site "Dubai"]
[Date "2021.12.09"]
[Round "6"]
[White "Amin, Bassem"]
[Black "Salem, AR Saleh"]
[Result "1-0"]
[WhiteElo "2617"]
[BlackElo "2642"]
[PlyCount "77"]
[EventDate "2021.12.09"]
[EventType "swiss (blitz)"]
[EventRounds "11"]
[EventCountry "UAE"]
[SourceTitle "CBM 205 Extra"]
[Source "ChessBase"]
[SourceDate "2022.01.31"]
[SourceVersion "1"]
[SourceVersionDate "2022.01.31"]
[SourceQuality "1"]

1. e4 c5 2. Nf3 Nc6 3. g3 Nf6 4. d3 g6 5. Bg2 Bg7 6. O-O O-O 7. Re1 d6 8. c3 e5 9. a4 h6 10. Na3 Be6 ({RR} 10... d5 11. exd5 Nxd5 12. Nc4 Re8 13. a5 Rb8 14. Qa4 Bf5 15. Nfd2 Bxd3 16. Ne4 Bxe4 17. Bxe4 Re7 18. Ne3 Nf6 19. Bxc6 bxc6 20. Qxc6 Rc8 21. Qa4 e4 22. Rd1 Rd7 23. Rxd7 Qxd7 24. Qxd7 Nxd7 25. Nc4 {Grischuk,A (2759)-Cheparinov,I (2670) Douglas 2019 1-0 (42)}) ({RR} 10... Re8 11. Nc4 d5 12. exd5 Nxd5 13. d4 exd4 14. Rxe8+ Qxe8 15. cxd4 cxd4 16. Nxd4 Nxd4 17. Bxd5 Be6 18. Nd6 Qd7 19. Bxe6 Qxe6 20. Nb5 Rd8 21. Be3 Nc6 22. Qe2 a6 23. Nc3 Qb3 24. Ra3 Qb4 25. Qc2 {Liu,E (2322)-Ivic,V (2622) chess.com INT 2024 0-1 (42)}) 11. Bd2 Re8 $146 ({RR} 11... Na5 12. c4 Nc6 13. Nc2 a5 14. Ne3 Nb4 15. Bc3 {½-½ (15) Petrov,M (2448)-Nevednichy,V (2472) Struga MKD 2022}) ({RR} 11... Rc8 12. b4 cxb4 13. cxb4 d5 14. b5 dxe4 15. bxc6 exf3 16. cxb7 fxg2 17. bxc8=Q Bxc8 18. Nc4 Ng4 19. Ne3 Nxe3 20. Bxe3 Qd7 21. Rc1 Ba6 22. Qd2 Kh7 23. Qa5 Qxd3 24. Red1 Qe2 25. Qd2 Qg4 26. Qd7 {Amin,B (2703)-Bacrot,E (2678) Krasnaya Polyana 2021 ½-½ (65)}) 12. b4 cxb4 13. cxb4 d5 14. b5 dxe4 15. bxc6 exf3 16. cxb7 fxg2 17. bxa8=Q Qxa8 18. Rc1 e4 19. Nb5 Bg4 20. Qb3 Qd8 21. Nxa7 Qd7 22. Nb5 Bf3 23. Rc7 Qd5 24. Qxd5 Nxd5 25. Rc5 Nf6 26. dxe4 Nxe4 27. Nc3 Nxc5 28. Rxe8+ Kh7 29. a5 Nb3 30. Nb1 Bd4 31. a6 Bc5 32. Be3 Nd4 33. Bxd4 Bxd4 34. Nd2 Bc6 35. Re7 Kg7 36. Nb3 Bb6 37. Rb7 Bxb7 38. axb7 Bc7 39. Nd4 1-0

[Event "Dubai bin Rashid Cup Blitz"]
[Site "Dubai"]
[Date "2021.12.09"]
[Round "8"]
[White "Amin, Bassem"]
[Black "Maghsoodloo, Parham"]
[Result "1-0"]
[WhiteElo "2617"]
[BlackElo "2655"]
[PlyCount "89"]
[EventDate "2021.12.09"]
[EventType "swiss (blitz)"]
[EventRounds "11"]
[EventCountry "UAE"]
[SourceTitle "CBM 205 Extra"]
[Source "ChessBase"]
[SourceDate "2022.01.31"]
[SourceVersion "1"]
[SourceVersionDate "2022.01.31"]
[SourceQuality "1"]

1. e4 e6 2. d3 c5 3. g3 g6 4. Bg2 Bg7 5. Nf3 Nc6 6. O-O Nge7 7. c3 d5 8. Re1 b6 9. e5 h6 10. h4 a5 ({RR} 10... Ba6 11. d4 Qd7 12. Bf4 Nf5 13. a3 Rc8 14. b4 cxd4 15. cxd4 h5 16. Qd2 Bc4 17. Nc3 b5 18. Bg5 O-O 19. Bh3 a5 20. Rab1 axb4 21. axb4 Qa7 22. Bxf5 exf5 23. Bf6 Rfe8 24. Bxg7 Kxg7 25. Nd1 {Amin,B (2635)-Radjabov,T (2724) Dubai 2014 1-0 (43)}) 11. a4 Ba6 12. Na3 Qc7 13. Qe2 $146 ({RR} 13. Bf4 g5 14. hxg5 hxg5 15. Bxg5 Nxe5 16. Nxe5 Bxe5 17. Bxe7 Kxe7 18. Qe2 Bxg3 19. fxg3 Qxg3 20. Qe5 Rag8 21. Qxg3 Rxg3 22. Kf2 Rxd3 23. Nb5 Rd2+ 24. Re2 Rxe2+ 25. Kxe2 Rh2 26. Kf2 Bxb5 27. axb5 Kd6 {Chemin,V (2200)-Tsuboi,E Rio de Janeiro 1986 ½-½ (39)}) 13... Rd8 14. Nb5 Bxb5 15. axb5 Nb8 16. d4 Nd7 17. Bf4 Rc8 18. Rac1 O-O 19. Qd2 Kh7 20. Bf1 c4 21. Be2 Rh8 22. Bd1 Qd8 23. Bc2 Kg8 24. Kg2 Qe8 25. Rh1 Nf8 26. h5 g5 27. Nxg5 Qxb5 28. Nf3 Nd7 29. Ra1 Qc6 30. g4 Kf8 31. g5 Ng8 32. Rag1 Ke8 33. Kf1 Kd8 34. gxh6 Bxh6 35. Rxg8+ Rxg8 36. Bxh6 Kc7 37. Bg5 b5 38. h6 Rb8 39. h7 Rh8 40. Be7 Kb7 41. Ng5 Rhe8 42. Bd6 f6 43. Bxb8 Rxb8 44. exf6 e5 45. h8=Q 1-0

[Event "Dubai bin Rashid Cup Blitz"]
[Site "Dubai"]
[Date "2021.12.09"]
[Round "9"]
[White "Jumabayev, Rinat"]
[Black "Fedoseev, Vladimir1"]
[Result "1-0"]
[WhiteElo "2536"]
[BlackElo "2690"]
[PlyCount "77"]
[EventDate "2021.12.09"]
[EventType "swiss (blitz)"]
[EventRounds "11"]
[EventCountry "UAE"]
[SourceTitle "CBM 205 Extra"]
[Source "ChessBase"]
[SourceDate "2022.01.31"]
[SourceVersion "1"]
[SourceVersionDate "2022.01.31"]
[SourceQuality "1"]

1. Nf3 Nf6 2. g3 c5 3. Bg2 Nc6 4. O-O h5 $146 ({RR} 4... d6 5. d3 Bg4 6. h3 Bd7 7. c4 g6 8. Nc3 Bg7 9. Rb1 O-O 10. e3 Qc8 11. Kh2 Rd8 12. a3 Ne5 13. Ne1 Bc6 14. Nd5 Nxd5 15. cxd5 Bb5 16. f4 Nd7 17. b4 cxb4 18. axb4 Qc7 19. Rf2 {Hanken,J-Vano,E Chicago 1973 0-1 (35)}) ({RR} 4... d6 5. c3 e5 6. d3 Be7 7. e4 O-O 8. Nbd2 Re8 9. a3 Rb8 10. b4 b5 11. d4 cxd4 12. cxd4 exd4 13. Bb2 Qb6 14. Nb3 Nxe4 15. Nfxd4 Bf6 16. Nxc6 Bxb2 17. Nxb8 Bxa1 18. Qxa1 Qxb8 19. Re1 {Neverov,V (2489)-Akopian,V (2705) Legnica 2013 0-1 (48)}) ({RR} 4... b6 5. d4 cxd4 6. Nxd4 Bb7 7. c4 g6 8. Nc3 Bg7 9. b3 O-O 10. Bb2 Qc8 11. Nd5 Nxd5 12. cxd5 Nxd4 13. Bxd4 e5 14. Bb2 d6 15. Rc1 Qd7 16. Qd3 Rac8 17. h4 f5 18. e4 f4 19. Kh2 {Matta,N (2286)-Doluhanova,E (2224) chess.com INT 2024 1-0 (40)}) 5. c4 h4 6. Nxh4 g5 7. Nf3 g4 8. Ne1 d5 9. cxd5 Nxd5 10. Nc3 Nxc3 11. bxc3 Qd6 12. d4 cxd4 13. cxd4 Bg7 14. Rb1 Nxd4 15. Nd3 Bf5 16. Rxb7 Rd8 17. Rxa7 Qb6 18. Rb7 Qa6 19. Bg5 f6 20. Be3 Nf3+ 21. exf3 Qxb7 22. fxg4 Qb5 23. gxf5 Rxd3 24. Bc6+ Qxc6 25. Qxd3 O-O 26. Rd1 Kh7 27. Qd7 Qf3 28. Re1 Ra8 29. Qxe7 Rxa2 30. Qe6 Rc2 31. Rf1 Re2 32. Qd7 Ra2 33. Qd3 Ra5 34. Rd1 Rxf5 35. Bf4 Qg4 36. Kg2 Kg8 37. h3 Qg6 38. g4 Rg5 39. Bxg5 1-0

[Event "Abu Dhabi op 27th"]
[Site "Abu Dhabi"]
[Date "2021.12.13"]
[Round "5"]
[White "Moussard, Jules"]
[Black "Bellahcene, Bilel"]
[Result "1-0"]
[WhiteElo "2630"]
[BlackElo "2512"]
[PlyCount "57"]
[EventDate "2021.12.12"]
[EventType "swiss (rapid)"]
[EventRounds "9"]
[EventCountry "UAE"]
[SourceTitle "CBM 205 Extra"]
[Source "ChessBase"]
[SourceDate "2022.01.31"]
[SourceVersion "1"]
[SourceVersionDate "2022.01.31"]
[SourceQuality "1"]

1. Nf3 Nf6 2. b3 d5 3. Bb2 Bf5 4. d3 e6 5. Nh4 Bg4 6. h3 Bh5 7. g4 Bg6 ({RR} 7... Nfd7 8. Ng2 Bg6 9. Nf4 c5 10. Nd2 Nc6 11. Bg2 Qc7 12. e3 Nf6 13. g5 Nh5 14. Nxh5 Bxh5 15. Qxh5 Nb4 16. Qd1 O-O-O 17. a3 Nc6 18. Qg4 Bd6 19. f4 d4 20. Bxc6 dxe3 21. Bxb7+ Kxb7 22. Nc4 {Materia,M (2486)-George,K (2288) chess.com INT 2025 1-0 (64)}) 8. Nd2 Nbd7 9. Bg2 c6 $146 ({RR} 9... Bd6 10. e3 c6 11. Qe2 Qc7 12. f4 O-O-O 13. O-O-O h6 14. Nxg6 fxg6 15. Nf3 Rhe8 16. Nh4 Nf8 17. Rhf1 e5 18. f5 g5 19. Ng6 Qf7 20. Nxf8 Rxf8 21. Kb1 Kb8 22. c4 Bc7 23. Ba3 Rfe8 24. Qc2 {Todorov,E (2157)-Ninchev,D (1976) Sunny Beach 2009 1-0 (53)}) 10. e3 a5 11. a4 Bd6 12. f4 Qb6 13. Qe2 h6 14. Nxg6 fxg6 15. d4 c5 16. dxc5 Bxc5 17. e4 O-O 18. O-O-O Bd4 19. exd5 exd5 20. g5 Bxb2+ 21. Kxb2 hxg5 22. fxg5 Nh5 23. Bxd5+ Kh8 24. Nc4 Qb4 25. Qd2 Qc5 26. Bxb7 Rad8 27. Qxa5 Qe7 28. Rhe1 Qf7 29. Bc6 1-0